Personality of Consumer as a Factor of the Purchasing Behavoiur in the Retail Unit
Vzorka 11389 spotrebiteľov v Bratislave vyhodnotená metódami viacdimenzionálneho škálovania a GIS.
Salvato in:
| Autore principale: | |
|---|---|
| Altri autori: | , |
| Natura: | Capitolo di libro |
| Lingua: | inglese |
| Soggetti: | |
| Tags: |
Nessun Tag, puoi essere il primo ad aggiungerne!!
|
MARC
| LEADER | 00000nla a2200000 4500 | ||
|---|---|---|---|
| 001 | 0197116 | ||
| 005 | 20240530074436.5 | ||
| 041 | 0 | |a eng | |
| 044 | |a RO | ||
| 245 | 1 | 0 | |a Personality of Consumer as a Factor of the Purchasing Behavoiur in the Retail Unit |c Pavol Kita, Veronika Kitová, Marta Grossmanová |
| 520 | |a Vzorka 11389 spotrebiteľov v Bratislave vyhodnotená metódami viacdimenzionálneho škálovania a GIS. | ||
| 610 | 2 | 0 | |a správanie spotrebiteľa |
| 610 | 2 | 0 | |a osobnosť |
| 610 | 2 | 0 | |a siete maloobchodné |
| 610 | 2 | 0 | |a systémy informačné geografické |
| 100 | 1 | |a Kita, Pavol | |
| 700 | 1 | |a Kitová, Veronika | |
| 700 | 1 | |a Grossmanová, Marta | |